| 000 | 00396nam a2200157Ia 4500 | ||
|---|---|---|---|
| 008 | 230524s9999 xx 000 0 und d | ||
| 082 |
_a658.12 _bGIL |
||
| 100 | _aMark L.Gillenson | ||
| 245 | 0 | _aFundamentals of Database Management Systems | |
| 250 | _aIST | ||
| 260 |
_aNEW DELHI _bJohn Wiley _c2009 |
||
| 300 | _aXII;359 | ||
| 500 | _aQuantity Number: 8 | ||
| 650 | _aComp-Sc | ||
| 942 | _cBK | ||
| 999 |
_c46121 _d46121 |
||